BIBLIOTECA

SENCICO

Vocación: empresario: manual par el desarrollo de habilidades y actitudes empresariales y comerciales (Registro nro. 1520)

Detalles MARC
000 -LEADER
fixed length control field 00588nam a2200229Ia 4500
005 - DATE AND TIME OF LATEST TRANSACTION
control field 20251020182514.0
008 - FIXED-LENGTH DATA ELEMENTS--GENERAL INFORMATION
fixed length control field 200515s9999 xx 000 0 und d
082 ## - DEWEY DECIMAL CLASSIFICATION NUMBER
Classification number 658.161/S21
100 ## - MAIN ENTRY--PERSONAL NAME
Personal name Sánchez Yabar, Guido
245 #0 - TITLE STATEMENT
Title Vocación: empresario: manual par el desarrollo de habilidades y actitudes empresariales y comerciales
260 ## - PUBLICATION, DISTRIBUTION, ETC.
Place of publication, distribution, etc. Lima
260 ## - PUBLICATION, DISTRIBUTION, ETC.
Name of publisher, distributor, etc. SYSA
260 ## - PUBLICATION, DISTRIBUTION, ETC.
Date of publication, distribution, etc. 2000
300 ## - PHYSICAL DESCRIPTION
Extent 202 p.
490 ## - SERIES STATEMENT
Series statement Colección PYME, 6
500 ## - GENERAL NOTE
General note 1 ejemplar
650 ## - SUBJECT ADDED ENTRY--TOPICAL TERM
Topical term or geographic name entry element EMPRESARIOS
650 ## - SUBJECT ADDED ENTRY--TOPICAL TERM
Topical term or geographic name entry element EMPRESAS
650 ## - SUBJECT ADDED ENTRY--TOPICAL TERM
Topical term or geographic name entry element VOCACION
942 ## - ADDED ENTRY ELEMENTS (KOHA)
Koha item type Libros
Existencias
Fecha de la última vez que lo usaron Pago total Signatura topográfica completa Código de barras Precio efectivo desde Tipo de documento Estado perdido Estado dañado No es para préstamo Retirado Ubicación permanente Ubicación actual Fecha de adquisición
15/05/2020   658.161/S21 Bib-Lima15051520 15/05/2020 Libros         Biblioteca Central Lima Biblioteca Central Lima 15/05/2020